000 00477nam a22001337a 4500
999 _c4975
_d4975
008 200918b ||||| |||| 00| 0 eng d
082 0 0 _a954.08
_bI3911
110 _91726
_aMinistry of information and Broad Casting, India.
245 1 0 _aThe Collected Works of Mahatma Gandhi, Vol -VIII /
_cby Ministry of information and Broad Casting, India
260 _aDelhi :
_bMinistry of information and Broad Casting,
_c1962.
300 _axxii, 603 p.
650 0 _aBiography
942 _cBK